Barmanem od A do Z /

Hlavní autor: Bušina, Radek, 1954-
Jazyk: Čeština
Vydáno: Brno : Littera, 2011
Vydání: Vyd. 1.
Témata:
Fyzický popis: 111 s. : barev. il. ; 21 cm
Knihy
Uloženo v:
LEADER 01673nam a2200493 a 4500
001 nkc20112184398
003 CZ PrNK
005 20110531103939.0
007 ta
008 110421s2011 xr a e f 000 0 cze
015 |a cnb002184398 
020 |a 978-80-85763-62-1  |q (brož.) 
035 |a (OCoLC)730409531 
040 |a BOA001  |b cze  |d OLA001 
072 7 |a 641  |x Kuchařství. Potraviny. Vařená jídla  |2 Konspekt  |9 19 
080 |a 641.87:663.8  |2 MRF 
080 |a 641.87  |2 MRF 
080 |a 642.63  |2 MRF 
080 |a (035)  |2 MRF 
080 |a (083.12)  |2 MRF 
100 1 |a Bušina, Radek,  |d 1954-  |7 mzk2011637714  |4 aut 
245 1 0 |a Barmanem od A do Z /  |c Radek Bušina 
250 |a Vyd. 1. 
260 |a Brno :  |b Littera,  |c 2011 
300 |a 111 s. :  |b barev. il. ;  |c 21 cm 
500 |a Terminologický slovník 
504 |a Obsahuje bibliografii 
521 8 |a Pro začínající barmany 
650 0 7 |a míšené nápoje  |7 ph115409  |2 czenas 
650 0 7 |a příprava nápojů  |7 ph640686  |2 czenas 
650 0 7 |a podávání nápojů  |7 ph187937  |2 czenas 
650 0 9 |a coctails  |2 eczenas 
650 0 9 |a beverages preparation  |2 eczenas 
650 0 9 |a drinks serving  |2 eczenas 
655 7 |a příručky  |7 fd133209  |2 czenas 
655 7 |a kuchařské recepty  |7 fd132687  |2 czenas 
655 9 |a handbooks and manuals  |2 eczenas 
655 9 |a cookbooks  |2 eczenas 
910 2 |a BOA001  |b 2-1263.703 
990 |a BK 
995 |a 01 
991 |b 201105  |c NOV  |e n 
996 6 |b 2610465893  |c 2-1263.703  |l MZK  |r Sklad / do 1 hodiny  |n 1  |p p.v.  |w 001178083  |u 000020  |a 1  |e BOA001  |j MZK50  |s P 
996 7 |b 2610465894  |c 2-1263.703  |l MZK  |r Sklad / do 1 hodiny  |n 7  |p p.v.  |w 001178083  |u 000030  |a 1  |e BOA001  |j MZK50  |s A